|
|
|
|
| LEADER |
00000nam0a2200000 4500 |
| 001 |
370624 |
| 005 |
20231101045613.0 |
| 035 |
|
|
|a (RuTPU)RU\TPU\retro\28033
|
| 090 |
|
|
|a 370624
|
| 100 |
|
|
|a 20220719d1978 k y0rusy50 ca
|
| 101 |
0 |
|
|a rus
|
| 102 |
|
|
|a UA
|
| 105 |
|
|
|a a z 001zy
|
| 200 |
1 |
|
|a Каменные угли Львовско-Волынского бассейна
|e монография
|f Г. П. Вырвич, Э. П. Гигашвили, З. Г. Дубик [и др.]
|g под ред. В. З. Ершова
|
| 210 |
|
|
|a Львов
|c Вища школа
|d 1978
|
| 215 |
|
|
|a 175 с.
|c ил.
|
| 320 |
|
|
|a Библиогр.: с. 168-172
|
| 606 |
1 |
|
|a Угольные месторождения
|x Геология
|2 stltpush
|3 (RuTPU)RU\TPU\subj\62689
|
| 610 |
1 |
|
|a Львовско-Волынский бассейн
|
| 610 |
1 |
|
|a геологическое строение
|
| 610 |
1 |
|
|a каменные угли
|
| 610 |
1 |
|
|a опробование
|
| 610 |
1 |
|
|a генетические типы
|
| 610 |
1 |
|
|a петрографическая характеристика
|
| 610 |
1 |
|
|a качество
|
| 610 |
1 |
|
|a обогатимость
|
| 610 |
1 |
|
|a исследование
|
| 610 |
1 |
|
|a монографии
|
| 675 |
|
|
|a 553.94
|v 4
|
| 701 |
|
1 |
|a Вырвич
|b Г. П.
|g Галина Петровна
|
| 701 |
|
1 |
|a Гигашвили
|b Э. П.
|g Эльвира Павловна
|
| 701 |
|
1 |
|a Дубик
|b З. Г.
|g Зенон Григорьевич
|
| 701 |
|
1 |
|a Ершов
|b В. З.
|g Василий Захарович
|
| 701 |
|
1 |
|a Жуков
|b П. П.
|g Петр Павлович
|
| 702 |
|
1 |
|a Ершов
|b В. З.
|g Василий Захарович
|4 340
|
| 801 |
|
1 |
|a RU
|b 63413507
|c 20220719
|
| 801 |
|
2 |
|a RU
|b 63413507
|c 20220719
|g RCR
|
| 942 |
|
|
|c BK
|